[Event "1er Grand Prix de l'Essonne"]
[Site "Orsay"]
[Date "2009.02.18"]
[Round "5"]
[White "Debray, Christopher"]
[Black "Hindermann, Felix"]
[Result "1/2-1/2"]
[WhiteElo "2349"]
[BlackElo "2305"]
[PlyCount "77"]
[EventDate "2009.02.15"]
[EventType "tourn"]
[EventRounds "9"]
[EventCountry "FRA"]

1. d4 e6 2. c4 b6 3. Nf3 Bb7 4. g3 f5 5. Bg2 Nf6 6. O-O g6 7. Nc3 Bg7 8. d5 O-O
9. Bf4 Na6 10. Rc1 Nc5 11. b4 Nfe4 12. Nb5 Na6 13. dxe6 dxe6 14. Qxd8 Rfxd8 15.
Nxc7 Nxc7 16. Bxc7 Rd7 17. Be5 Bf8 18. b5 a6 19. Rfd1 Rxd1+ 20. Rxd1 axb5 21.
Ng5 Nxg5 22. Bxb7 Ra7 23. Bc8 bxc4 24. f4 Ra8 25. Bd7 Bc5+ 26. Kf1 Nf7 27. Bxe6
Kf8 28. Bxc4 Nxe5 29. fxe5 Ke7 30. Kg2 Rd8 31. Bd5 Rc8 32. Kf3 Bb4 33. Bb3 Rc3+
34. Kf4 Bc5 35. e6 Kf6 36. Rd3 g5+ 37. Kf3 Rxd3+ 38. exd3 Ke5 39. g4 1/2-1/2

[Event "1er Grand Prix de l'Essonne"]
[Site "Orsay"]
[Date "2009.02.18"]
[Round "5"]
[White "Guilleux, Fabien"]
[Black "Rosenthal, Jonathan"]
[Result "1/2-1/2"]
[WhiteElo "2303"]
[BlackElo "2240"]
[PlyCount "143"]
[EventDate "2009.02.15"]
[EventType "tourn"]
[EventRounds "9"]
[EventCountry "FRA"]

1. Nf3 Nf6 2. c4 c6 3. d4 d5 4. Nc3 e6 5. Bg5 Nbd7 6. e3 Qa5 7. Nd2 Bb4 8. Qc2
O-O 9. Bh4 c5 10. dxc5 Qxc5 11. a3 Bxc3 12. Qxc3 e5 13. Be2 d4 14. Qd3 Qb6 15.
b4 dxe3 16. fxe3 a5 17. c5 Qe6 18. O-O axb4 19. axb4 Rxa1 20. Rxa1 b6 21. Qc4
bxc5 22. Qxe6 fxe6 23. b5 Nb6 24. Bg3 Bb7 25. Bxe5 Ra8 26. Rxa8+ Bxa8 27. Bd6
Nfd7 28. Nb3 c4 29. Nc5 c3 30. Nxd7 c2 31. Ba3 Nxd7 32. Bd3 Bd5 33. Kf1 Ne5 34.
e4 Bc4 35. Bxc4 Nxc4 36. Bc1 Kf7 37. Ke2 Ke8 38. Kd3 Nd6 39. b6 Kd7 40. Be3 Kc6
41. Kxc2 e5 42. Kd3 g6 43. h3 Nb7 44. Bg1 Nd6 45. Be3 Nc8 46. Kc4 Nd6+ 47. Kb4
Nxe4 48. Ka5 Nd6 49. Ka6 Nb7 50. Ka7 Nd6 51. Bg1 e4 52. Be3 Nc8+ 53. Ka6 Nd6
54. g4 h5 55. g5 Nb7 56. h4 Nd6 57. Bf2 Nb7 58. Ka7 Nd6 59. Kb8 Nc4 60. Ka7 Nd6
61. Be3 Nc8+ 62. Ka6 Nd6 63. Bg1 Nb7 64. Ka7 Nd6 65. Kb8 Nc4 66. Kc8 Nxb6+ 67.
Kd8 Nd5 68. Ke8 e3 69. Bxe3 Nxe3 70. Kf7 Nf5 71. Kxg6 Nxh4+ 72. Kxh5 1/2-1/2

[Event "1er Grand Prix de l'Essonne"]
[Site "Orsay"]
[Date "2009.02.18"]
[Round "6"]
[White "Song, Julien"]
[Black "Maisuradze, Nino"]
[Result "1/2-1/2"]
[WhiteElo "2271"]
[BlackElo "2308"]
[PlyCount "59"]
[EventDate "2009.02.15"]
[EventType "tourn"]
[EventRounds "9"]
[EventCountry "FRA"]

1. d4 d5 2. Nf3 e6 3. c4 Be7 4. Nc3 Nf6 5. Bg5 h6 6. Bxf6 Bxf6 7. e3 O-O 8. Qd2 c6 9. h4 Be7 
10. O-O-O b5 11. cxb5 cxb5 12. Kb1 b4 13. Na4 Qa5 14. b3 Bd7 15. Nb2 Nc6 16. Bd3 Qc7 17. Rc1 Bd6 18. Bb5 Qb7 19. Ba4 Rac8 
20. Nd3 Ne7 21. Bxd7 Qxd7 22. g4 a5 23. Rxc8 Rxc8 24. Rc1 Rxc1+ 25. Kxc1 a4 26. bxa4 Qxa4 27. Qc2 Qa6 28. Nfe5 f6 29. Nd7 Kf7 
30. h5 1/2-1/2

[Event "1er Grand Prix de l'Essonne"]
[Site "Orsay"]
[Date "2009.02.18"]
[Round "5"]
[White "Moussard, Jules"]
[Black "Todorov, Todor"]
[Result "0-1"]
[WhiteElo "2274"]
[BlackElo "2507"]
[PlyCount "82"]
[EventDate "2009.02.15"]
[EventType "tourn"]
[EventRounds "9"]
[EventCountry "FRA"]

1. e4 g6 2. d4 Bg7 3. Nf3 d6 4. c3 Nf6 5. Bd3 O-O 6. O-O Nc6 7. h3 e5 8. d5 Nb8 9. c4 a5 
10. Nc3 Na6 11. Be3 Nh5 12. Qd2 f5 13. Bg5 Qe8 14. exf5 gxf5 15. Rae1 Qf7 16. Nh4 Nc5 17. Bc2 Kh8 18. a3 Rg8 19. Nf3 Bf6 
20. h4 a4 21. Nb5 f4 22. Qd1 Bg7 23. Bd8 Bf6 24. Bxc7 Qg7 25. Ng5 Bxg5 26. hxg5 Qxg5 27. Qf3 Bg4 28. Nxd6 Raf8 29. Qc3 Bf5 
30. Qf3 Bxc2 31. Rxe5 Qg7 32. Nb5 Nf6 33. Bd6 Nfd7 34. Re7 Qg6 35. Rfe1 Rf6 36. Bxc5 Nxc5 37. d6 Bf5 38. R7e5 Nd3 39. Qxb7 Nxe1 
40. Rxe1 Bc8 41. Qd5 f3 0-1

[Event "1er Grand Prix de l'Essonne"]
[Site "Orsay"]
[Date "2009.02.18"]
[Round "5"]
[White "Lavabre, Fabien"]
[Black "David, Alberto"]
[Result "0-1"]
[WhiteElo "2252"]
[BlackElo "2602"]
[PlyCount "50"]
[EventDate "2009.02.15"]
[EventType "tourn"]
[EventRounds "9"]
[EventCountry "FRA"]

1. e4 c5 2. c3 Nf6 3. e5 Nd5 4. Bc4 e6 5. d4 d6 6. Nf3 cxd4 7. cxd4 Nc6 8. O-O Be7 9. exd6 Qxd6 
10. Nc3 O-O 11. Re1 Rd8 12. Bb3 a6 13. Ne4 Qb8 14. a3 b6 15. Bc2 Bb7 16. Qd3 g6 17. Bg5 Bxg5 18. Nexg5 Qf4 19. Re4 Qf6 
20. Rh4 h5 21. Ne4 Qg7 22. g4 hxg4 23. Nfg5 Nxd4 24. Rh7 Nf3+ 25. Kg2 Nf4+ 0-1

[Event "1er Grand Prix de l'Essonne"]
[Site "Orsay"]
[Date "2009.02.19"]
[Round "6"]
[White "Hindermann, Felix"]
[Black "David, Alberto"]
[Result "1/2-1/2"]
[WhiteElo "2305"]
[BlackElo "2602"]
[PlyCount "66"]
[EventDate "2009.02.15"]
[EventType "tourn"]
[EventRounds "9"]
[EventCountry "FRA"]

1. e4 e6 2. d4 d5 3. Nd2 Be7 4. Ngf3 Nf6 5. Bd3 c5 6. dxc5 O-O 7. Qe2 Nc6 8. O-O Nb4 9. Nb3 a5 
10. Bg5 a4 11. Nbd2 Ra5 12. exd5 exd5 13. Rfe1 Bxc5 14. Ne5 Qb6 15. Qf3 Bd4 16. c3 Nxd3 17. Nxd3 Ne4 18. cxd4 Nxg5 19. Qe3 Bf5 
20. Nc5 Qg6 21. b4 axb3 22. axb3 Rxa1 23. Rxa1 b6 24. Na4 Rc8 25. Qg3 h6 26. h4 Ne6 27. Qxg6 Bxg6 28. Nxb6 Rc2 29. Nf1 Nxd4 
30. Nxd5 Nxb3 31. Ra3 Nd4 32. Ne7+ Kh7 33. Nxg6 Kxg6 1/2-1/2

[Event "1er Grand Prix de l'Essonne"]
[Site "Orsay"]
[Date "2009.02.19"]
[Round "6"]
[White "Todorov, Todor"]
[Black "Lavabre, Fabien"]
[Result "1/2-1/2"]
[WhiteElo "2507"]
[BlackElo "2252"]
[PlyCount "67"]
[EventDate "2009.02.15"]
[EventType "tourn"]
[EventRounds "9"]
[EventCountry "FRA"]

1. b3 Nf6 2. Bb2 g6 3. Nf3 Bg7 4. e3 O-O 5. c4 d6 6. Nc3 e5 7. d4 exd4 8. Nxd4 Nc6 9. Be2 Nd7 
10. Nd5 Ne7 11. Qd2 Nxd5 12. cxd5 Nf6 13. Bf3 Bg4 14. O-O Bxf3 15. Nxf3 Ne4 16. Qc2 Bxb2 17. Qxb2 Re8 18. Rfd1 Qf6 19. Qxf6 Nxf6 
20. Rac1 Re7 21. Rc4 a5 22. Rdd4 b5 23. Rc1 Ne4 24. Nd2 Nc5 25. g4 f5 26. gxf5 gxf5 27. Kg2 Kf7 28. Kf3 Rg8 29. Nb1 Rg6 
30. Nc3 b4 31. Ne2 Kf6 32. Nf4 Rh6 33. h3 Rg7 34. Rdc4 Ke5 35. Ke2 Re7 36. Rg1 Ne4 37. Rg8 Nc3+ 38. Rxc3 bxc3 39. Kd3 Rh4 
40. Kxc3 Rxf4 41. exf4+ Kxd5 42. Kd3 Re4 43. Rg7 Rxf4 44. Ke3 Re4+ 45. Kf3 c5 46. Rxh7 a4 47. Rf7 Ke6 1/2-1/2

[Event "1er Grand Prix de l'Essonne"]
[Site "Orsay"]
[Date "2009.02.19"]
[Round "6"]
[White "Maisuradze, Nino"]
[Black "Moussard, Jules"]
[Result "1/2-1/2"]
[WhiteElo "2308"]
[BlackElo "2274"]
[PlyCount "54"]
[EventDate "2009.02.15"]
[EventType "tourn"]
[EventRounds "9"]
[EventCountry "FRA"]

1. d4 d6 2. c4 g6 3. Nc3 Bg7 4. e4 Nd7 5. Be2 e5 6. Nf3 exd4 7. Nxd4 Ngf6 8. O-O O-O 9. Bg5 Re8 
10. f3 h6 11. Bh4 g5 12. Bf2 Ne5 13. Qc2 Nh5 14. g3 Bh3 15. Rfd1 c6 16. Rd2 Qf6 17. Qd1 Qg6 18. Nf5 Rad8 19. Kh1 Bxf5 
20. exf5 Qxf5 21. Bxa7 Nxg3+ 22. hxg3 Qh3+ 23. Kg1 Qxg3+ 24. Kf1 Qh3+ 25. Kg1 g4 26. fxg4 Qg3+ 27. Kh1 Qh3+ 1/2-1/2

[Event "1er Grand Prix de l'Essonne"]
[Site "Orsay"]
[Date "2009.02.19"]
[Round "6"]
[White "Rosenthal, Jonathan"]
[Black "Song, Julien"]
[Result "0-1"]
[WhiteElo "2240"]
[BlackElo "2271"]
[PlyCount "56"]
[EventDate "2009.02.15"]
[EventType "tourn"]
[EventRounds "9"]
[EventCountry "FRA"]

1. Nf3 Nf6 2. d4 e6 3. Bg5 c5 4. e3 cxd4 5. exd4 b6 6. Bd3 Bb7 7. Nbd2 Be7 8. a4 a6 9. O-O O-O 
10. Re1 d6 11. c3 Nbd7 12. Nc4 Qc7 13. Ne3 Rfe8 14. Rc1 Bf8 15. c4 a5 16. Nd2 g6 17. Nb1 Bg7 18. Nc3 Rac8 19. Qb3 h6 
20. Bf4 Qb8 21. Bg3 Nh5 22. Nb5 Nxg3 23. hxg3 Bc6 24. d5 Nc5 25. Qc2 Bxb5 26. cxb5 e5 27. g4 e4 28. Bc4 Nd3 0-1

[Event "1er Grand Prix de l'Essonne"]
[Site "Orsay"]
[Date "2009.02.19"]
[Round "6"]
[White "Debray, Christopher"]
[Black "Guilleux, Fabien"]
[Result "0-1"]
[WhiteElo "2349"]
[BlackElo "2303"]
[PlyCount "68"]
[EventDate "2009.02.15"]
[EventType "tourn"]
[EventRounds "9"]
[EventCountry "FRA"]

1. Nf3 Nf6 2. c4 c5 3. Nc3 d5 4. cxd5 Nxd5 5. Qa4+ Bd7 6. Qb3 Nb6 7. d3 Nc6 8. Be3 e5 9. g3 c4 
10. dxc4 Na5 11. Qc2 Naxc4 12. Bc1 Rc8 13. Bg2 Bb4 14. O-O O-O 15. a3 Be7 16. Rd1 Qc7 17. Ng5 g6 18. Nd5 Nxd5 19. Bxd5 Bf5 
20. e4 Bg4 21. Rd3 Nb6 22. Rc3 Qd7 23. Rxc8 Rxc8 24. Qb3 Nxd5 25. Qxd5 Rxc1+ 26. Rxc1 Bxg5 27. f4 exf4 28. Rc5 fxg3 29. Qxd7 Be3+ 
30. Kg2 Bxd7 31. Rc3 Bb6 32. hxg3 Bc6 33. Kf3 f5 34. Kf4 fxe4 0-1

[Event "1er Grand Prix de l'Essonne"]
[Site "Orsay"]
[Date "2009.02.20"]
[Round "7"]
[White "Guilleux, Fabien"]
[Black "Hindermann, Felix"]
[Result "1/2-1/2"]
[WhiteElo "2303"]
[BlackElo "2305"]
[PlyCount "146"]
[EventDate "2009.02.15"]
[EventType "tourn"]
[EventRounds "9"]
[EventCountry "FRA"]

1. Nf3 d5 2. d4 Nf6 3. c4 c6 4. Nc3 a6 5. c5 Nbd7 6. Bf4 Nh5 7. e3 g6 8. Bd3 Bg7 9. O-O O-O 
10. Bg5 Qe8 11. Re1 f5 12. Be2 Nhf6 13. Bf4 Ne4 14. Nxe4 fxe4 15. Ne5 Nxe5 16. Bxe5 Bxe5 17. dxe5 Qf7 18. f4 exf3 19. gxf3 Bh3 
20. Qd4 Qe6 21. Kh1 Rf5 22. f4 Rf7 23. Rg1 Rd8 24. Bf3 Qf5 25. Rac1 Rg7 26. Rg5 Qd7 27. Rd1 Bf5 28. Kg1 Bc2 29. Rd2 Bf5 
30. Kf2 Bb1 31. b3 Qh3 32. Rg2 Qh4+ 33. Ke2 Bf5 34. Kd1 Qh3 35. Rdf2 Qh4 36. Kc1 e6 37. Kb2 Rgd7 38. Rd2 Qe7 39. b4 Be4 
40. Bxe4 dxe4 41. Qc3 Rd3 42. Rxd3 Rxd3 43. Qc4 Qd7 44. Qxe4 Rd1 45. Qc4 Kg7 46. Kc2 Kf7 47. a3 Kg7 48. Qb3 Kf7 49. Qc4 Kg7 
50. h3 Qd8 51. Rh2 Qd7 52. h4 Kf8 53. a4 Qd8 54. a5 Qd7 55. Qc3 Qd5 56. Rd2 Rxd2+ 57. Qxd2 Qxd2+ 58. Kxd2 h5 59. Ke2 Kg7 
60. Kf3 Kf7 61. Kg3 Kg7 62. e4 Kf7 63. Kf3 Ke7 64. Ke3 Kf7 65. Kd4 Ke7 66. Kd3 Kf7 67. Kd2 Ke7 68. Ke2 Kf7 69. Kf2 Ke7 
70. Kg2 Kf7 71. Kg3 Ke7 72. f5 gxf5 73. Kf4 fxe4 1/2-1/2

[Event "1er Grand Prix de l'Essonne"]
[Site "Orsay"]
[Date "2009.02.20"]
[Round "7"]
[White "Song, Julien"]
[Black "Debray, Christopher"]
[Result "1/2-1/2"]
[WhiteElo "2271"]
[BlackElo "2349"]
[PlyCount "125"]
[EventDate "2009.02.15"]
[EventType "tourn"]
[EventRounds "9"]
[EventCountry "FRA"]

1. d4 Nf6 2. c4 e6 3. Nf3 c5 4. d5 b5 5. Bg5 exd5 6. cxd5 d6 7. e3 a6 8. a4 Be7 9. axb5 O-O 
10. Nc3 Bb7 11. Bc4 axb5 12. Rxa8 Bxa8 13. Nxb5 Qa5+ 14. Nc3 Nbd7 15. O-O Nb6 16. Qd3 Nxc4 17. Qxc4 Rb8 18. Rb1 h6 19. Bxf6 Bxf6 
20. Ne4 Bxb2 21. Nxd6 Qd8 22. Qxc5 Ba3 23. Rxb8 Qxb8 24. Qc8+ Qxc8 25. Nxc8 Bxd5 26. Nb6 Ba2 27. Na4 Bb4 28. Nb2 Bb1 29. Nc4 f6 
30. Ncd2 Bd3 31. Nb3 Kf7 32. Nbd4 Bc5 33. h4 h5 34. g3 Ke7 35. Ne1 Be4 36. f3 Bb1 37. Kf2 Kd6 38. Ng2 g5 39. f4 gxh4 
40. gxh4 Kd5 41. Ne2 Bf5 42. Ng3 Bg4 43. Ne1 Kc4 44. Ne4 Be7 45. Nd2+ Kc3 46. Ndf3 Bc5 47. Ke2 Kc4 48. e4 f5 49. exf5 Bxf5 
50. Ng5 Bg4+ 51. Nef3 Kd5 52. Kd3 Bf2 53. Kd2 Bb6 54. Ne5 Bf5 55. Ke2 Bc7 56. Ke3 Bc8 57. Nef3 Bb6+ 58. Kd2 Ba6 59. f5 Bd8 
60. Ke3 Bc8 61. Ne6 Bxe6 62. fxe6 Kxe6 63. Ke4 1/2-1/2

[Event "1er Grand Prix de l'Essonne"]
[Site "Orsay"]
[Date "2009.02.20"]
[Round "7"]
[White "Lavabre, Fabien"]
[Black "Maisuradze, Nino"]
[Result "1/2-1/2"]
[WhiteElo "2252"]
[BlackElo "2308"]
[PlyCount "26"]
[EventDate "2009.02.15"]
[EventType "tourn"]
[EventRounds "9"]
[EventCountry "FRA"]

1. d4 d5 2. Bg5 f6 3. Bf4 Nc6 4. e3 e5 5. Bg3 h5 6. h4 e4 7. c4 Bb4+ 8. Nc3 Nge7 9. Be2 g6 
10. Nh3 Bxh3 11. Rxh3 Qd7 12. Qc2 O-O-O 13. O-O-O Bxc3 1/2-1/2

[Event "1er Grand Prix de l'Essonne"]
[Site "Orsay"]
[Date "2009.02.20"]
[Round "7"]
[White "David, Alberto"]
[Black "Todorov, Todor"]
[Result "1-0"]
[WhiteElo "2602"]
[BlackElo "2507"]
[PlyCount "139"]
[EventDate "2009.02.15"]
[EventType "tourn"]
[EventRounds "9"]
[EventCountry "FRA"]

1. e4 g6 2. d4 Bg7 3. Nc3 d6 4. Bc4 c6 5. Nf3 Nf6 6. Bb3 O-O 7. O-O d5 8. Re1 Bg4 9. Bg5 dxe4 
10. Nxe4 Nbd7 11. c3 Qa5 12. Nxf6+ Nxf6 13. Bd2 e6 14. h3 Bxf3 15. Qxf3 Qf5 16. Qd1 Nd5 17. Qc1 Rfe8 18. Bc2 Qh5 19. Bd1 Qf5 
20. Bg4 Qd3 21. Be2 Qf5 22. g4 Qe4 23. f3 Bxd4+ 24. Kg2 Ne3+ 25. Bxe3 Qxe3 26. cxd4 Qxd4 27. Qc3 Qf4 28. Rad1 Rad8 29. Bc4 c5 
30. Bb5 Rxd1 31. Rxd1 Rc8 32. Rd7 h5 33. Qd2 Qe5 34. gxh5 Qxh5 35. Qf4 Rf8 36. Bc4 b6 37. Rxa7 Qh8 38. b3 Qb2+ 39. Kg3 Qa1 
40. Kf2 Qb2+ 41. Be2 b5 42. Ra5 Rd8 43. Rxb5 Qxa2 44. Rb7 Rf8 45. Qc7 Qb1 46. Qxc5 Qh1 47. Qe5 Qxh3 48. Rb8 Qh4+ 49. Kg2 Qe1 
50. Rxf8+ Kxf8 51. Qd6+ Kg7 52. Qd4+ Kh6 53. Bc4 f5 54. Qf2 Qc3 55. Qh4+ Kg7 56. Qe7+ Kh6 57. Qxe6 Qd2+ 58. Qe2 Qg5+ 59. Kf1 Qc1+ 
60. Kf2 Qb1 61. Qe5 Qd1 62. Qh8+ Kg5 63. f4+ Kxf4 64. Qh4+ Qg4 65. Qxg4+ Kxg4 66. b4 Kf4 67. b5 Ke5 68. b6 Kd6 69. Bb5 g5 
70. Kg3 1-0

[Event "1er Grand Prix de l'Essonne"]
[Site "Orsay"]
[Date "2009.02.21"]
[Round "8"]
[White "Hindermann, Felix"]
[Black "Todorov, Todor"]
[Result "0-1"]
[WhiteElo "2305"]
[BlackElo "2507"]
[PlyCount "82"]
[EventDate "2009.02.15"]
[EventType "tourn"]
[EventRounds "9"]
[EventCountry "FRA"]

1. e4 c5 2. Nf3 Nc6 3. d4 cxd4 4. Nxd4 e5 5. Nb5 d6 6. N1c3 a6 7. Na3 b5 8. Nd5 Nge7 9. c4 Nd4 
10. Be3 Nxd5 11. cxd5 Be7 12. Bd3 O-O 13. O-O Kh8 14. Rc1 f5 15. exf5 Nxf5 16. Bd2 Bd7 17. Nc2 Bg5 18. Nb4 Nh6 19. f3 Rf7 
20. Be4 Nf5 21. Bxg5 Qxg5 22. Bxf5 Bxf5 23. Rc6 Raf8 24. Qc1 Qh4 25. Qc3 a5 26. Na6 Qf4 27. Nc7 b4 28. Qc1 Qd4+ 29. Kh1 Bd7 
30. Rd1 Qa7 31. Nb5 Qf2 32. Rf1 Qe2 33. Nxd6 Rf4 34. Rc2 Qa6 35. Nc4 Bf5 36. b3 Bxc2 37. Qxc2 e4 38. d6 Qc6 39. Kg1 exf3 
40. gxf3 Rxf3 41. Rxf3 Qxf3 0-1

[Event "1er Grand Prix de l'Essonne"]
[Site "Orsay"]
[Date "2009.02.21"]
[Round "8"]
[White "Maisuradze, Nino"]
[Black "David, Alberto"]
[Result "1/2-1/2"]
[WhiteElo "2308"]
[BlackElo "2602"]
[PlyCount "30"]
[EventDate "2009.02.15"]
[EventType "tourn"]
[EventRounds "9"]
[EventCountry "FRA"]

1. d4 d5 2. c4 dxc4 3. e3 Nf6 4. Bxc4 e6 5. Nf3 c5 6. O-O a6 7. Be2 Nbd7 8. dxc5 Bxc5 9. a3 b5 
10. b4 Be7 11. Bb2 Bb7 12. Nbd2 Nb6 13. Rc1 O-O 14. Ne5 Bd6 15. Ndf3 Bd5 1/2-1/2

[Event "1er Grand Prix de l'Essonne"]
[Site "Orsay"]
[Date "2009.02.21"]
[Round "8"]
[White "Rosenthal, Jonathan"]
[Black "Lavabre, Fabien"]
[Result "1-0"]
[WhiteElo "2240"]
[BlackElo "2252"]
[PlyCount "71"]
[EventDate "2009.02.15"]
[EventType "tourn"]
[EventRounds "9"]
[EventCountry "FRA"]

1. d4 Nf6 2. c4 g6 3. Nc3 d5 4. h4 c5 5. dxc5 d4 6. Nb5 Nc6 7. e3 a6 8. Nxd4 e5 9. Nxc6 Qxd1+ 
10. Kxd1 bxc6 11. f3 Bxc5 12. Bd3 O-O 13. e4 Nh5 14. Ne2 f5 15. Kc2 fxe4 16. Bxe4 Bf5 17. Bxf5 gxf5 18. Bh6 Rf7 19. Rad1 Ng7 
20. Bd2 f4 21. Nc1 Nf5 22. Nd3 Bd4 23. Rde1 Ng3 24. Rh3 Rf5 25. Bc3 Rd8 26. Bxd4 Rxd4 27. Kc3 Rd6 28. Nxe5 Nf1 29. Nxc6 Rxc6 
30. Rxf1 Re5 31. Rd1 Re3+ 32. Rd3 Re2 33. Rd4 Re3+ 34. Kd2 Rce6 35. Rxf4 Re2+ 36. Kc3 1-0

[Event "1er Grand Prix de l'Essonne"]
[Site "Orsay"]
[Date "2009.02.21"]
[Round "8"]
[White "Debray, Christopher"]
[Black "Moussard, Jules"]
[Result "0-1"]
[WhiteElo "2349"]
[BlackElo "2274"]
[PlyCount "90"]
[EventDate "2009.02.15"]
[EventType "tourn"]
[EventRounds "9"]
[EventCountry "FRA"]

1. e4 c5 2. Nf3 d6 3. Bb5+ Nd7 4. O-O Ngf6 5. d4 a6 6. Bxd7+ Nxd7 7. c4 e6 8. Bg5 Qb6 9. Qd2 h6 
10. Be3 cxd4 11. Nxd4 Qc7 12. Nc3 Ne5 13. Rac1 Be7 14. Qe2 Qxc4 15. Nd5 Qxe2 16. Nc7+ Kd7 17. Nxe2 Rb8 18. Ba7 Nc6 19. Bxb8 Nxb8 
20. Na8 Bd8 21. Rfd1 b5 22. Rxd6+ Kxd6 23. Rxc8 Nc6 24. Nb6 Ne7 25. e5+ Kxe5 26. Ra8 Kd6 27. Nc8+ Nxc8 28. Rxc8 g5 29. Ra8 a5 
30. Kf1 Kc6 31. Ra7 Rf8 32. a4 bxa4 33. Nd4+ Kb6 34. Rd7 Bf6 35. Ke2 Rd8 36. Rxd8 Bxd8 37. Nc2 Bf6 38. Ne3 Kc5 39. Nd1 Kc4 
40. Kd2 Kb3 41. Kc1 Bd4 42. g4 Bxb2+ 43. Nxb2 a3 44. Nd3 a2 45. Nc5+ Ka3 0-1

[Event "1er Grand Prix de l'Essonne"]
[Site "Orsay"]
[Date "2009.02.21"]
[Round "8"]
[White "Guilleux, Fabien"]
[Black "Song, Julien"]
[Result "1/2-1/2"]
[WhiteElo "2303"]
[BlackElo "2271"]
[PlyCount "42"]
[EventDate "2009.02.15"]
[EventType "tourn"]
[EventRounds "9"]
[EventCountry "FRA"]

1. d4 Nf6 2. c4 e6 3. Nc3 d5 4. Nf3 Bb4 5. a3 Bxc3+ 6. bxc3 c5 7. e3 O-O 8. Bb2 Nc6 9. Bd3 dxc4 
10. Bxc4 Qc7 11. Be2 e5 12. O-O e4 13. Nd2 Re8 14. Qc2 Bf5 15. Rfc1 Rac8 16. a4 b6 17. Ba3 Bg4 18. Bc4 Be6 19. Be2 Bg4 
20. Bc4 Be6 21. Be2 Bg4 1/2-1/2

[Event "1er Grand Prix de l'Essonne"]
[Site "Orsay"]
[Date "2009.02.22"]
[Round "9"]
[White "Song, Julien"]
[Black "Hindermann, Felix"]
[Result "1/2-1/2"]
[WhiteElo "2271"]
[BlackElo "2305"]
[PlyCount "20"]
[EventDate "2009.02.15"]
[EventType "tourn"]
[EventRounds "9"]
[EventCountry "FRA"]

1. d4 e6 2. c4 b6 3. a3 Bb7 4. Nc3 f5 5. d5 Nf6 6. g3 g6 7. Bg2 Bg7 8. Nh3 O-O 
9. O-O a5 10. Qc2 Re8 1/2-1/2

[Event "1er Grand Prix de l'Essonne"]
[Site "Orsay"]
[Date "2009.02.22"]
[Round "9"]
[White "Lavabre, Fabien"]
[Black "Debray, Christopher"]
[Result "0-1"]
[WhiteElo "2252"]
[BlackElo "2349"]
[PlyCount "96"]
[EventDate "2009.02.15"]
[EventType "tourn"]
[EventRounds "9"]
[EventCountry "FRA"]

1. d4 Nf6 2. Bg5 e6 3. e4 c5 4. e5 h6 5. Bd2 Nd5 6. c4 Ne7 7. dxc5 Ng6 8. Nf3 Nc6 9. Nc3 Bxc5 
10. Ne4 Be7 11. Nd6+ Bxd6 12. exd6 b6 13. Bd3 O-O 14. O-O f5 15. b4 Qf6 16. Rc1 e5 17. c5 bxc5 18. bxc5 e4 19. Bc4+ Kh7 
20. Bc3 Qd8 21. Nd4 Nce5 22. Bd5 Rb8 23. Qd2 Nd3 24. Nxf5 Nxc1 25. Bxe4 Bb7 26. Bc2 Rxf5 27. Bxf5 Qg5 28. Bxg6+ Qxg6 29. f4 Nd3 
30. f5 Qg5 31. Qxg5 hxg5 32. f6 gxf6 33. Bxf6 Kg6 34. Bd4 Nf4 35. Re1 Bxg2 36. h4 Bf3 37. Kh2 Rb4 38. Bf2 Rb2 39. Kg3 Nd3 
40. Re3 Nxf2 41. Kxf3 g4+ 42. Kf4 Rc2 43. Ra3 Rc4+ 44. Kg3 Ne4+ 45. Kxg4 Nxc5+ 46. Kh3 a6 47. Rg3+ Kh6 48. Ra3 Kh5 0-1

[Event "1er Grand Prix de l'Essonne"]
[Site "Orsay"]
[Date "2009.02.22"]
[Round "9"]
[White "David, Alberto"]
[Black "Rosenthal, Jonathan"]
[Result "1-0"]
[WhiteElo "2602"]
[BlackElo "2240"]
[PlyCount "45"]
[EventDate "2009.02.15"]
[EventType "tourn"]
[EventRounds "9"]
[EventCountry "FRA"]

1. e4 c5 2. Nf3 d6 3. Bb5+ Nc6 4. O-O Bd7 5. Re1 Nf6 6. c3 a6 7. Bf1 Bg4 8. d3 e6 9. Nbd2 Be7 
10. h3 Bh5 11. g4 Bg6 12. Nh4 Qc7 13. f4 Nd7 14. Ndf3 Qd8 15. Ng2 f5 16. exf5 exf5 17. Ng5 O-O 18. Ne6 Qc8 19. Nxf8 Kxf8 
20. Qf3 d5 21. Ne3 Bh4 22. Re2 Nf6 23. Ng2 1-0

[Event "1er Grand Prix de l'Essonne"]
[Site "Orsay"]
[Date "2009.02.22"]
[Round "9"]
[White "Todorov, Todor"]
[Black "Maisuradze, Nino"]
[Result "1-0"]
[WhiteElo "2507"]
[BlackElo "2308"]
[PlyCount "61"]
[EventDate "2009.02.15"]
[EventType "tourn"]
[EventRounds "9"]
[EventCountry "FRA"]

1. e4 c5 2. Nf3 d6 3. Bb5+ Nc6 4. O-O Bd7 5. c3 Nf6 6. Re1 a6 7. Bxc6 Bxc6 8. d4 Bxe4 9. c4 cxd4 
10. Nxd4 e6 11. Bg5 Bg6 12. Bxf6 gxf6 13. Qf3 Rb8 14. Nc3 Be7 15. h4 h5 16. Re3 O-O 17. Rae1 Qb6 18. Nde2 Kg7 19. Nf4 Rh8 
20. Ncd5 exd5 21. Nxg6 Kxg6 22. Rxe7 Qd4 23. cxd5 Qxh4 24. Qd3+ Kg7 25. R1e3 Rbc8 26. Rg3+ Kf8 27. Rxf7+ Kxf7 28. Qg6+ Ke7 29. Qg7+ Kd8 
30. Qxh8+ Kc7 31. Rc3+ 1-0